Tennis: les 10 derniers Vainqueurs de chaque Tournois du Grand Chelem - Statistiques

Statistiques générales
  • Ce quiz a été pris 175 fois
    69 depuis la dernière actualisation
  • Le résultat moyen est 40 sur 60
Statistiques - réponses
Question Tuile Select % Correct
Open d'Australie Jannik Sinner Oui
92%
Roland Garros Dominic Thiem Non
90%
Roland Garros Daniil Medvedev Non
88%
Open d'Australie Dominic Thiem Non
88%
Open d'Australie Novak Djokovic Oui
88%
Open d'Australie Roger Federer Oui
88%
Roland Garros Andy Murray Non
87%
Roland Garros Carlos Alcaraz Oui
87%
Open d'Australie Rafael Nadal Oui
87%
Open d'Australie Carlos Alcaraz Non
85%
Wimbledon Dominic Thiem Non
85%
Roland Garros Marat Safin Non
85%
Wimbledon Marin Čilić Non
85%
Wimbledon Matteo Berrettini Non
85%
Wimbledon Daniil Medvedev Non
83%
Open d'Australie Daniil Medvedev Non
80%
Roland Garros Rafael Nadal Oui
80%
Wimbledon Roger Federer Oui
80%
Wimbledon Carlos Alcaraz Oui
78%
US Open Casper Ruud Non
78%
Roland Garros Ievgueni Kafelnikov Non
78%
US Open Kei Nishikori Non
78%
US Open Kevin Anderson Non
78%
Roland Garros Novak Djokovic Oui
78%
US Open Gustavo Kuerten Non
77%
Wimbledon Novak Djokovic Oui
77%
Roland Garros Stanislas Wawrinka Oui
77%
Wimbledon Stanislas Wawrinka Non
77%
US Open Novak Djokovic Oui
75%
Open d'Australie Stanislas Wawrinka Oui
75%
Open d'Australie Andy Murray Non
72%
Wimbledon Andy Murray Oui
72%
US Open Rafael Nadal Oui
72%
US Open Dominic Thiem Oui
67%
US Open Carlos Alcaraz Oui
65%
Roland Garros Roger Federer Oui
63%
US Open Daniil Medvedev Oui
62%
US Open Lleyton Hewitt Non
62%
Wimbledon Rafael Nadal Oui
62%
US Open Roger Federer Oui
58%
US Open Marin Čilić Oui
57%
Open d'Australie Pete Sampras Non
57%
Roland Garros Juan Carlos Ferrero Oui
55%
US Open Stanislas Wawrinka Oui
55%
Open d'Australie André Agassi Oui
52%
Open d'Australie Marat Safin Oui
50%
Roland Garros Gastón Gaudio Oui
48%
Wimbledon Pete Sampras Oui
48%
Roland Garros André Agassi Oui
47%
Wimbledon André Agassi Oui
47%
Roland Garros Carlos Moya Oui
47%
Roland Garros Gustavo Kuerten Oui
45%
US Open Juan Martín del Potro Oui
45%
Wimbledon Lleyton Hewitt Oui
45%
Wimbledon Goran Ivanišević Oui
43%
US Open Andy Murray Oui
42%
Open d'Australie Ievgueni Kafelnikov Oui
33%
Wimbledon Richard Krajicek Oui
33%
Open d'Australie Thomas Johansson Oui
30%
Open d'Australie Petr Korda Oui
28%
Aucun quiz correspondant
Distribution des résultats
% des personnes avec chaque résultat
Percentile par nombre de réponses
Votre historique - résultats
Vous n’avez pas pris ce quiz depuis la dernière actualisation